01353 a2200181 45000010006000000050017000060080041000230030015000640400040000790800071001192450076001902640043002663000019003095050765003281000022010937000029011157000027011445332420260407155807.0260407a1981 arg spa dAR-UNSa-BCEJYS aAR-UNSa-BCEJYSbspacAR-UNSa-BCEJYS a330.567.2xGastos. Consumo. Ahorro. Economía de los particulares10aAhorro y préstamo para la viviendapFinanciamiento y ajuste monetario 1aBuenos Aires :bEdiciones Macchic1981 a211 p.c22 cm. a1. La filosofía en el problema de la vivienda - 2. Las sociedades de ahorro y préstamo - 3. El spread, la inflación y el canje - 4. La demanda de vivienda - 5. Evolución de prestamos y depósitos de las AAP(1968-1987) - 6. El sistema de ahorro y préstamo de los Estados Unidos - 7. El sistema de ahorro y préstamo en la Argentina - 8. La función socio-económica de las sociedades de ahorro y préstamo - 9. Objetivos del trabajo - 10. El marco teórico-conceptual - 11. El marco institucional - 12. Análisis microeconómico de las sociedades de ahorro y préstamo como intermediarios financieros - 13. Resumen del estado actual del sistema desde la perspectiva micro y macro-financiera - 14. El futuro del sistema. Resumen y conclusiones1 aRibas, Armando P.1 aLópez Santiso, Horacio1 aMessuti, Domingo Jorge